Proceedings of the adriatico workshop on quantum interferometry : (Record no. 3107)

MARC details
000 -LEADER
fixed length control field 01480nac a22003491u 4500
003 - CONTROL NUMBER IDENTIFIER
control field EG-ScBUE
005 - DATE AND TIME OF LATEST TRANSACTION
control field 20250611095157.0
008 - FIXED-LENGTH DATA ELEMENTS--GENERAL INFORMATION
fixed length control field 250611t1994 si a f b 000 0 eng d
020 ## - INTERNATIONAL STANDARD BOOK NUMBER
International Standard Book Number 9810215177
035 ## - SYSTEM CONTROL NUMBER
System control number (OCoLC)31732314
040 ## - CATALOGING SOURCE
Original cataloging agency EG-ScBUE
Language of cataloging eng
Description conventions rda
Transcribing agency EG-ScBUE
Modifying agency EG-ScBUE
082 04 - DEWEY DECIMAL CLASSIFICATION NUMBER
Classification number 535.470287
Edition number 22
Item number PRO
111 2# - MAIN ENTRY--MEETING NAME
Meeting name or jurisdiction name as entry element Adriatico Workshop on Quantum Interferometry
Date of meeting (1993 :
Location of meeting Trieste, Italy)
245 00 - TITLE STATEMENT
Title Proceedings of the adriatico workshop on quantum interferometry :
Remainder of title 2-5 March 1993, Trieste, Italy /
Statement of responsibility, etc editors F. De Martini, G. Denardo, A. Zeilinger.
246 30 - VARYING FORM OF TITLE
Title proper/short title Quantum interferometry
264 #1 - PUBLICATION, DISTRIBUTION, ETC. (IMPRINT)
Place of publication, distribution, etc Singapore :
Name of publisher, distributor, etc World Scientific Publishing Co.,
Date of publication, distribution, etc [1994]
264 #4 - PUBLICATION, DISTRIBUTION, ETC. (IMPRINT)
Date of publication, distribution, etc c1994
300 ## - PHYSICAL DESCRIPTION
Extent ix, 308 pages :
Other physical details illustrations ;
Dimensions 24 cm
336 ## - CONTENT TYPE
Source rdacontent
Content type term text
Content type code txt
337 ## - MEDIA TYPE
Media type term unmediated
Source rdamedia
Media type code n
338 ## - CARRIER TYPE
Carrier type term volume
Carrier type code nc
Source rdacarrier
500 ## - GENERAL NOTE
General note At head of title: International Centre for Theoretical Physics, International Atomic Energy Agency, United Nations Educational Scientific and Cultural Organization
504 ## - BIBLIOGRAPHY, ETC. NOTE
Bibliography, etc Includes bibliographical references.
650 #7 - SUBJECT ADDED ENTRY--TOPICAL TERM
Topical term or geographic name as entry element Interferometry
General subdivision Congresses.
Source of heading or term BUEsh
650 #7 - SUBJECT ADDED ENTRY--TOPICAL TERM
Topical term or geographic name as entry element Quantum theory
General subdivision Congresses.
Source of heading or term BUEsh
650 #7 - SUBJECT ADDED ENTRY--TOPICAL TERM
Topical term or geographic name as entry element Superconducting quantum interference devices
General subdivision Congresses.
Source of heading or term BUEsh
655 ## - INDEX TERM--GENRE/FORM
Form subdivision Reading book
700 1# - ADDED ENTRY--PERSONAL NAME
Personal name De Martini, Francesco,
Relator term editor.
700 1# - ADDED ENTRY--PERSONAL NAME
Personal name Denardo, G.
Fuller form of name (Gallieno),
Dates associated with a name 1935-
Relator term editor.
700 1# - ADDED ENTRY--PERSONAL NAME
Personal name Zeilinger, Anton,
Relator term editor.
942 ## - ADDED ENTRY ELEMENTS (KOHA)
Koha item type Book - Borrowing
Source of classification or shelving scheme Dewey Decimal Classification
Holdings
Withdrawn status Lost status Damaged status Not for loan Home library Current library Shelving location Date acquired Source of acquisition Total Checkouts Full call number Barcode Date last seen Price effective from Koha item type
        Central Library Central Library First floor 21/03/2007 Purchase   535.470287 PRO 000001137 15/07/2025 21/03/2007 Book - Borrowing